000 00320nam a2200133Ia 4500
005 20251222143216.0
008 251222s9999||||xx |||||||||||||| ||spa||
082 _a823.91/R96/1984
100 _aRushdie, Salman
245 0 _aHijos de la Media Noche
250 _a1ra.ed
264 _bEdiciones Alfaguara
942 _cLIB
999 _c13639
_d13639